Spell the Marvel Character #247 - Statistics

General Stats
  • This quiz has been taken 18 times
  • The average score is 8 of 9
Answer Stats
Picture Answer % Correct
Daredevil
100%
Hawkeye
100%
Thor
100%
Angel
83%
Yelena Belova
83%
Deathcry
75%
Elsa Bloodstone
75%
Rage
75%
Crystal
67%
No matching quizzes found
Score Distribution
Percent of People with Each Score
Percentile by Number Answered
Your Score History
You have not taken this quiz